• 首页
  • 本馆介绍
  • 公告通知
  • 最新文献
  • 馆藏检索
  • 电子资源
  • 读者导购
  • 参考咨询
  • 我的图书馆
  • 登录
  • 详细信息显示
  • 放入我的书架
  • 预约/预借图书
  • 作者相关作品
  • 分类相关作品
  • 丛书相关作品
  • 出版社相关作品

书目信息

  • 表格格式
  • 工作单格式
  • 卡片格式
题名:
英模诗歌故事
    
 
作者: 周旻 著
分册:  
出版信息: 北京   华文出版社  2023
页数: 151页
开本: 21cm
丛书名:
单 册:
中图分类: I227.1 , I267
科图分类:
主题词: 新诗--诗集--中国--当代 , 散文集--中国--当代
电子资源:
ISBN: 978-7-5075-5090-0
000 00610nam0 2200229 450
001 2339420643
005 20230928105717.27
010    @a978-7-5075-5090-0@dCNY29.00
100    @a20190730d2019 em y0chiy50 ea
101 0  @achi
102    @aCN@b110000
105    @ay z 000gd
200 1  @a英模诗歌故事@Aying mo shi ge gu shi@f周旻著
210    @a北京@c华文出版社@d2023
215    @a151页@d21cm
606 0  @a新诗@x诗集@y中国@z当代
606 0  @a散文集@y中国@z当代
690    @aI227.1@v5
690    @aI267@v5
701  0 @a周旻@Azhou min@4著
801  0 @aCN@b山东中教@c20230926
905    @aBZT@dI227.1@e22
    
    英模诗歌故事/周旻著.-北京:华文出版社,2023
    151页;21cm
    
    
    ISBN 978-7-5075-5090-0:CNY29.00
    
●
相关链接 在五车中查询图书 在当当中查询图书 在豆瓣中查询图书


正题名:英模诗歌故事     索取号:I227.1/22         预约/预借

序号 登录号 条形码 馆藏地/架位号 状态 备注
1 2000968317   2000968317   第四书库/四12架B面2层1列/ [索取号:I227.1/22] 在馆    
2 2000968318   2000968318   第四书库/四12架B面2层1列/ [索取号:I227.1/22] 在馆    
3 2000968319   2000968319   第四书库/四12架B面2层1列/ [索取号:I227.1/22] 在馆    
4 2000968320   2000968320   第四书库/四12架B面2层1列/ [索取号:I227.1/22] 在馆    
5 2000968321   2000968321   第四书库/四12架B面2层1列/ [索取号:I227.1/22] 在馆    
6 2000968322   2000968322   第四书库/四12架B面2层1列/ [索取号:I227.1/22] 在馆    
山东省滨州职业学院图书馆 欢迎您!
大连网信软件有限公司© 版权所有